Die Italiaanse sakereus se bedmaatjie / (Record no. 787333)

MARC details
000 -LEADER
fixed length control field 00482nam a22001817a 4500
003 - CONTROL NUMBER IDENTIFIER
control field 3228
005 - DATE AND TIME OF LATEST TRANSACTION
control field 20251014114111.0
008 - FIXED-LENGTH DATA ELEMENTS--GENERAL INFORMATION
fixed length control field 251014b sa ||||| |||| 00| 0 eng d
020 ## - INTERNATIONAL STANDARD BOOK NUMBER
International Standard Book Number <a href="9781415003312">9781415003312</a>
Qualifying information (pbk)
040 ## - CATALOGING SOURCE
Original cataloging agency MPL
Transcribing agency 3228
041 ## - LANGUAGE CODE
Language Afrikaans
082 #0 - DEWEY DECIMAL CLASSIFICATION NUMBER
Classification number LP AF WILL
942 ## - ADDED ENTRY ELEMENTS
Creator ID 432
Creator Name Busisiwe Mahlangu
Modifier ID 432
Modifier Name Busisiwe Mahlangu
100 ## - MAIN ENTRY--PERSONAL NAME
Personal name WILLIAMS CATHY
245 ## - TITLE STATEMENT
Title Die Italiaanse sakereus se bedmaatjie /
Statement of responsibility, etc. Cathy Williams
260 ## - PUBLICATION, DISTRIBUTION, ETC.
Place of publication, distribution, etc. Parklands:
Name of publisher, distributor, etc. Jacklin Uitgewers,
Date of publication, distribution, etc. 2004.
300 ## - PHYSICAL DESCRIPTION
Extent 188 pages,:
Dimensions 23 cm.
942 ## - ADDED ENTRY ELEMENTS
Source of classification or shelving scheme Dewey Decimal Classification
item type Book
Holdings
Withdrawn status Lost status Source of classification or shelving scheme Damaged status Not for loan Collection code Home library Current library Shelving location Date acquired Total Checkouts Full call number Barcode Date last seen Price effective from item type
    Dewey Decimal Classification     Fiction Secunda Secunda Fiction 14.10.2025   LP AF WILL 33228019035706 14.10.2025 14.10.2025 Book